Städte und Gemeinden von Rheinland-Pfalz - Statistiken

Allgemein
  • Dieses Quiz wurde 56 mal gespielt
  • Das Durchschnittsergebnis liegt bei 48 aus 170
Antwortstatistiken
Einwohnerzahl Art der Gemeinde Landkreis Antwort % Korrekt
217.556 kreisfreie Stadt Mainz
98%
113.638 kreisfreie Stadt Koblenz
91%
46.919 kreisfreie Stadt Landau in der Pfalz
89%
13.691 Verbandsgemeinde Südliche Weinstraße VG Landau-Land
89%
99.292 kreisfreie Stadt Kaiserslautern
87%
22.919 Verbandsgemeinde Vulkaneifel VG Daun
87%
22.197 Verbandsgemeinde Trier-Saarburg VG Trier-Land
87%
172.145 kreisfreie Stadt Ludwigshafen am Rhein
85%
110.570 kreisfreie Stadt Trier
85%
51.695 große kreisangehörige Stadt Bad Kreuznach
80%
13.028 Verbandsgemeinde VG Bad Kreuznach
80%
83.850 kreisfreie Stadt Worms
80%
25.757 große kreisangehörige Stadt Bingen am Rhein
78%
18.576 verbandsfreie Stadt Bad Dürkheim
76%
65.137 große kreisangehörige Stadt Neuwied
74%
15.700 verbandsfreie Stadt Bitburg
72%
20.716 verbandsfreie Stadt Germersheim
72%
40.054 kreisfreie Stadt Pirmasens
72%
50.565 kreisfreie Stadt Speyer
72%
25.883 Verbandsgemeinde Bitburg-Prüm VG Bitburger Land
72%
19.375 Verbandsgemeinde Cochem-Zell VG Cochem
72%
11.984 Verbandsgemeinde Südwestpfalz VG Pirmasens-Land
72%
19.082 verbandsfreie Stadt Alzey
70%
19.335 große kreisangehörige Stadt Mayen
70%
23.078 Verbandsgemeinde Kusel VG Kusel-Altenglan
70%
22.751 Verbandsgemeinde Altenkirchen VG Kirchen (Sieg)
65%
53.491 kreisfreie Stadt Neustadt an der Weinstraße
63%
30.929 Verbandsgemeinde Bernkastel-Wittlich VG Wittlich-Land
63%
16.322 Verbandsgemeinde Südwestpfalz VG Zweibrücken-Land
63%
19.345 verbandsfreie Stadt Bernkastel-Wittlich Wittlich
63%
34.091 kreisfreie Stadt Zweibrücken
63%
48.773 kreisfreie Stadt Frankenthal (Pfalz)
59%
21.432 Verbandsgemeinde Bitburg-Prüm VG Prüm
59%
35.486 große kreisangehörige Stadt Mainz-Bingen Ingelheim am Rhein
57%
20.434 Verbandsgemeinde Birkenfeld VG Birkenfeld
57%
26.550 verbandsfreie Stadt Landkreis Ahrweiler Bad Neuenahr-Ahrweiler
50%
15.403 verbandsfreie Stadt Rhein-Hunsrück-Kreis Boppard
50%
28.423 große kreisangehörige Stadt Birkenfeld Idar-Oberstein
50%
28.646 Verbandsgemeinde Rhein-Hunsrück-Kreis VG Simmern-Rheinböllen
50%
18.111 große kreisangehörige Stadt Rhein-Lahn-Kreis Lahnstein
48%
15.552 Verbandsgemeinde Cochem-Zell VG Zell (Mosel)
48%
30.126 große kreisangehörige Stadt Mayen-Koblenz Andernach
46%
27.908 Verbandsgemeinde Bernkastel-Wittlich VG Bernkastel-Kues
43%
13.036 weitere verbandsfreie Gemeinde Rhein-Pfalz-Kreis Mutterstadt
39%
17.456 verbandsfreie Stadt Ahrweiler Remagen
39%
17.414 verbandsfreie Stadt Ahrweiler Sinzig
39%
40.821 Verbandsgemeinde Westerwaldkreis VG Montabaur
37%
16.962 verbandsfreie Stadt Landkreis Mayen-Koblenz Bendorf
35%
20215 weitere verbandsfreie Gemeinde Bad Dürkheim Haßloch
35%
24.367 Verbandsgemeinde Südliche Weinstraße VG Bad Bergzabern
35%
28.278 Verbandsgemeinde Rhein-Lahn-Kreis VG Bad Ems-Nassau
35%
32.398 Verbandsgemeinde Trier-Saarburg VG Konz
35%
18.274 verbandsfreie Stadt Landkreis Germersheim Wörth am Rhein
35%
13.840 verbandsfreie Stadt Bad Dürkheim Grünstadt
33%
20.403 verbandsfreie Stadt Rhein-Pfalz-Kreis Schifferstadt
33%
30.853 Verbandsgemeinde Vulkaneifel VG Gerolstein
33%
18.871 Verbandsgemeinde Neuwied VG Linz am Rhein
33%
25.158 Verbandsgemeinde Rhein-Lahn-Kreis VG Diez
30%
13.383 Verbandsgemeinde Alzey-Worms VG Eich
30%
17.830 Verbandsgemeinde Bad Kreuznach VG Kirner Land
30%
17.207 Verbandsgemeinde Kaiserslautern VG Ramstein-Miesenbach
30%
24.348 Verbandsgemeinde Westerwaldkreis VG Hachenburg
28%
19.324 Verbandsgemeinde Westerwaldkreis VG Bad Marienberg (Westerwald)
26%
19.762 Verbandsgemeinde Donnersbergkreis VG Kirchheimbolanden
26%
14.772 Verbandsgemeinde Altenkirchen VG Wissen
26%
10.969 weitere verbandsfreie Gemeinde Ahrweiler Grafschaft
24%
10.182 Verbandsgemeinde Ahrweiler VG Altenahr
24%
15.211 Verbandsgemeinde Südliche Weinstraße VG Herxheim
24%
33.672 Verbandsgemeinde Mainz-Bingen VG Nieder-Olm
24%
13.004 Verbandsgemeinde Neuwied VG Unkel
24%
10.565 weitere verbandsfreie Gemeinde Bernkastel-Wittlich Morbach
22%
16.812 Verbandsgemeinde Südliche Weinstraße VG Annweiler am Trifels
22%
13.739 Verbandsgemeinde Ahrweiler VG Bad Breisig
22%
15.959 Verbandsgemeinde Rhein-Hunsrück-Kreis VG Kastellaun
22%
10.075 weitere verbandsfreie Gemeinde Rhein-Pfalz-Kreis Bobenheim-Roxheim
20%
11.578 weitere verbandsfreie Gemeinde Rhein-Pfalz-Kreis Limburgerhof
20%
25.149 Verbandsgemeinde Alzey-Worms VG Alzey-Land
20%
16.226 Verbandsgemeinde Germersheim VG Kandel
20%
19.770 Verbandsgemeinde Rhein-Hunsrück-Kreis VG Krichberg (Hunsrück)
20%
26.062 Verbandsgemeinde Kaiserslautern VG Landstuhl
20%
15.752 Verbandsgemeinde Mayen-Koblenz VG Vallendar
20%
34.951 Verbandsgemeinde Mayen-Koblenz VG Weißenthurm
20%
13.050 Verbandsgemeinde Ahrweiler VG Adenau
17%
23.034 Verbandsgemeinde Neuwied VG Asbach
17%
20.366 Verbandsgemeinde Südliche Weinstraße VG Edenkoben
17%
13.281 Verbandsgemeinde Donnersbergkreis VG Eisenberg (Pfalz)
17%
15.519 Verbandsgemeinde Trier-Saarburg VG Hermeskeil
17%
13.561 Verbandsgemeinde Mayen-Koblenz VG Mendig
17%
13.206 Verbandsgemeinde Donnersbergkreis VG Winnweiler
17%
10.890 Verbandsgemeinde Neuwied VG Dierdorf
15%
12.791 Verbandsgemeinde Altenkirchen VG Hamm (Sieg)
15%
8.765 Verbandsgemeinde Südwestpfalz VG Hauenstein
15%
24.878 Verbandsgemeinde Mayen-Koblenz VG Maifeld
15%
15.012 Verbandsgemeinde Neuwied VG Puderbach
15%
16.858 Verbandsgemeinde Westerwaldkreis VG Rennerod
15%
16.312 Verbandsgemeinde Westerwaldkreis VG Selters (Westerwald)
15%
22.855 Verbandsgemeinde Westerwaldkreis VG Westerburg
15%
10.433 weitere verbandsfreie Gemeinde Rhein-Pfalz-Kreis Böhl-Iggelheim
13%
8.595 weitere verbandsfreie Gemeinde Mainz-Bingen Budenheim
13%
12.071 Verbandsgemeinde Neuwied VG Bad Hönningen
13%
9.731 Verbandsgemeinde Birkenfeld VG Baumholder
13%
13.715 Verbandsgemeinde Germersheim VG Bellheim
13%
19.771 Verbandsgemeinde Kaiserslautern VG Enkenbach-Alsenborn
13%
15.347 Verbandsgemeinde Mainz-Bingen VG Rhein-Nahe
13%
14.086 Verbandsgemeinde Südwestpfalz VG Rodalben
13%
29.584 Verbandsgemeinde Alzey-Worms VG Wörrstadt
13%
11.707 Verbandsgemeinde Bad Dürkheim VG Deidesheim
11%
15.470 Verbandsgemeinde Bad Dürkheim VG Freinsheim
11%
10.692 Verbandsgemeinde Germersheim VG Hagenbach
11%
16.383 Verbandsgemeinde Rhein-Lahn-Kreis VG Loreley
11%
12.724 Verbandsgemeinde Südliche Weinstraße VG Offenbach an der Queich
11%
16.803 Verbandsgemeinde Mayen-Koblenz VG Pellenz
11%
15.295 Verbandsgemeinde Westerwaldkreis VG Ransbach-Baumbach
11%
15.367 Verbandsgemeinde Germersheim VG Rülzheim
11%
33.538 Verbandsgemeinde Trier-Saarburg VG Saarburg-Kell
11%
8.830 Verbandsgemeinde Bitburg-Prüm VG Speicher
11%
11.071 Verbandsgemeinde Cochem-Zell VG Ulmen
11%
14.256 Verbandsgemeinde Südwestpfalz VG Dahner Felsenland
9%
13.649 Verbandsgemeinde Rhein-Pfalz-Kreis VG Dannstadt-Schauernheim
9%
16.737 Verbandsgemeinde Mainz-Bingen VG Gau-Algesheim
9%
13.552 Verbandsgemeinde Westerwaldkreis VG Höhr-Grenzhausen
9%
17.219 Verbandsgemeinde Germersheim VG Jockgrim
9%
12.115 Verbandsgemeinde Bad Dürkheim VG Lambrecht (Pfalz)
9%
12.880 Verbandsgemeinde Rhein-Pfalz-Kreis VG Maxdorf
9%
16.237 Verbandsgemeinde Rhein-Lahn-Kreis VG Nastätten
9%
26.830 Verbandsgemeinde Mayen-Koblenz VG Rhein-Mosel
9%
19.450 Verbandsgemeinde Bitburg-Prüm VG Südeifel
9%
21.455 Verbandsgemeinde Alzey-Worms VG Wonnegau
9%
26.226 Verbandsgemeinde Altenkirchen VG Betzdorf-Gebhardshain
7%
20.407 Verbandsgemeinde Rhein-Pfalz-Kreis VG Bodenheim
7%
10.446 Verbandsgemeinde Kaiserslautern VG Bruchmühlbach-Miesau
7%
11.949 Verbandsgemeinde Donnersbergkreis VG Göllheim
7%
23.525 Verbandsgemeinde Rhein-Hunsrück-Kreis VG Hunsrück-Mittelrhein
7%
22.869 Verbandsgemeinde Bad Kreuznach VG Langenlonsheim-Stromberg
7%
8.108 Verbandsgemeinde Südliche Weinstraße VG Maikammer
7%
10.666 Verbandsgemeinde Alzey-Worms VG Monsheim
7%
26.371 Verbandsgemeinde Neuwied VG Rengsdorf-Waldbreitbach
7%
17.202 Verbandsgemeinde Bernkastel-Wittlich VG Traben-Trarbach
7%
9.974 Verbandsgemeinde Bad Dürkheim VG Wachenheim an der Weinstraße
7%
12.019 Verbandsgemeinde Südwestpfalz VG Waldfischbach-Burgalben
7%
19.768 Verbandsgemeinde Westerwaldkreis VG Wirges
7%
12.011 Verbandsgemeinde Alzey-Worms VG Wöllstein
7%
18.557 Verbandsgemeinde Rhein-Lahn-Kreis VG Aar-Einrich
4%
7.110 Verbandsgemeinde Vulkaneifel VG Kelberg
4%
24.978 Verbandsgemeinde Bad Kreuznach VG Nahe-Glan
4%
24.245 Verbandsgemeinde Rhein-Pfalz-Kreis VG Rheinauen
4%
41.763 Verbandsgemeinde Mainz-Bingen VG Rhein-Selz
4%
21.681 Verbandsgemeinde Rhein-Pfalz-Kreis VG Römerberg-Dudenhofen
4%
14.513 Verbandsgemeinde Kaiserslautern VG Weilerbach
4%
9.664 Verbandsgemeinde Bitburg-Prüm VG Arzfeld
2%
17.471 Verbandsgemeinde Altenkirchen VG Daaden-Herdorf
2%
22.367 Verbandsgemeinde Birkenfeld VG Herrstein-Rhaunen
2%
17.888 Verbandsgemeinde Kusel VG Lauterecken-Wolfstein
2%
31.309 Verbandsgemeinde Bad Dürkheim VG Leiningerland
2%
17.104 Verbandsgemeinde Germersheim VG Lingenfeld
2%
17.435 Verbandsgemeinde Donnersbergkreis VG Nordpfälzer Land
2%
28.983 Verbandsgemeinde Kusel VG Oberes Glantal
2%
18.854 Verbandsgemeinde Kaiserslautern VG Otterbach-Otterberg
2%
28.863 Verbandsgemeinde Bad Kreuznach VG Rüdesheim
2%
18.469 Verbandsgemeinde Trier-Saarburg VG Ruwer
2%
29.046 Verbandsgemeinde Trier-Saarburg VG Schweich an der Römischen Weinstraße
2%
7.245 Verbandsgemeinde Bernkastel-Wittlich VG Thalfang am Erbeskopf
2%
16.278 Verbandsgemeinde Mayen-Koblenz VG Vordereifel
2%
35.250 Verbandsgemeinde Altenkirchen VG Altenkrichen-Flammersfeld
0%
15.737 Verbandsgemeinde Cochem-Zell VG Kaisersesch
0%
17.070 Verbandsgemeinde Rhein-Pfalz-Kreis VG Lambsheim-Heßheim
0%
14.656 Verbandsgemeinde Mainz-Bingen VG Sprendlingen-Gensingen
0%
17.387 Verbandsgemeinde Südwestpfalz VG Thaleischweiler-Wallhalben
0%
18.786 Verbandsgemeinde Ahrweiler VG Vrohltal
0%
14.698 Verbandsgemeinde Westerwaldkreis VG Wallmerod
0%
Keine übereinstimmenden Quizze gefunden
Verteilung der Resultate
Anzahl Personen mit jedem Resultat
Perzentil nach korrekt beantworteten Fragen
Ihre Resultats-Entwicklung
Sie haben dieses Quiz noch nicht gespielt